Temperament v škole

Bibliographic Details
Main Author: Martinčeková, Iveta (Author)
Format: Book
Language:Slovak
PhysicalDescription:37 s. ilustr. 29 cm
Published: Bratislava Metodicko-pedagogické centrum 2008
ISBN:9788071644538
Edition:1. vyd.
Subjects:

MARC

LEADER 00000nam a2200000 a 4500
001 vtls009937463
003 SK-MaSNL
005 20260301102813.0
008 240315s2008 xo a f 000 0 slo
015 |a SNBA2009/08-04319 
020 |a 9788071644538  |q (brož.) 
035 |a 6B52F27D-A000-4C05-9CDB-42A6DDFFA821 
035 |a urn:nbn:sk:snk-amkvhl 
035 |a urn:nbn:sk:snk-am007b28 
040 |a SNK  |b slo  |c SNK  |e AACR2 
041 0 |a slo 
044 |a xo  |c SK 
072 7 |a 159.9  |x Psychológia  |2 konpekt 
080 |a 159.923  |2 2001 
080 |a 159.923.4  |2 2001 
080 |a 37.064.2  |2 2001 
080 |a (072)  |2 2001 
100 1 |a Martinčeková, Iveta  |4 aut  |9 40059 
245 1 0 |a Temperament v škole  |c Iveta Martinčeková 
250 |a 1. vyd. 
260 |a Bratislava  |b Metodicko-pedagogické centrum  |c 2008 
300 |a 37 s.  |b ilustr.  |c 29 cm 
650 0 7 |a typológia osobnosti  |2 SNKPH  |9 22240 
650 0 7 |a temperament  |2 SNKPH  |9 20021 
650 0 7 |a učiteľ a žiak  |2 SNKPH  |9 2637 
655 7 |a metodické príručky  |2 SNKPH  |9 70250 
919 |a 978-80-7164-453-8 
968 |d 1 
999 |c 693151  |d 695081 
952 |a SNK  |b SNK  |y PREZ  |7 0  |p 17A0628096  |o snkSB 78105  |i snk2009/14409  |8 0  |0 0  |1 0  |4 0  |d 2009-08-07  |f 1  |l 0  |r 2025-04-28 00:00:00  |w 2026-02-23 
952 |a SNK  |b SNK  |y VYP  |7 0  |p 17A0628095  |o snkSB 78105 D1  |i snk2009/14410  |8 0  |0 0  |1 0  |4 0  |d 2009-08-07  |l 0  |r 2016-06-30 00:00:00  |w 2026-02-23